Quick Pick: Japanese Food Quiz Stats

 Plays Quiz Updated Feb 13, 2018

Challenge
Share
Tweet
Embed
Score 0/10 Timer 01:00
11 Plays Today
% Correct
Sushi
96.5%
Miso soup
95.6%
Ramen
91.7%
Udon
83.6%
Yakisoba
77.6%
Gyōza
76.8%
Yakitori
76%
Maki
75.8%
Mochi
72.2%
Okonomiyaki
59.7%

Today's Daily Dose

You're not logged in!

Compare scores with friends on all Sporcle quizzes.
OR
Log In

You Might Also Like...

Show Comments

Extras

Top Quizzes Today


Score Distribution

Your Account Isn't Verified!

In order to create a playlist on Sporcle, you need to verify the email address you used during registration. Go to your Sporcle Settings to finish the process.

Report this User

Report this user for behavior that violates our Community Guidelines.

Details: